| 000 | 00000cas 2200000za 4500 |
| 001 | 9.809540 |
| 003 | CaOODSP |
| 005 | 20260409083412 |
| 007 | cr ||||||||||| |
| 008 | 150406c20059999onc x p o f0 a0eng|d |
| 040 | |aCaOODSP|beng |
| 041 | |aeng|afre |
| 043 | |an-cn--- |
| 086 | 1 |aT34-26-PDF |
| 086 | 1 |aT34-26E-PDF |
| 110 | 1 |aCanada. |bTransport Canada. |
| 245 | 10|aMarine Security operations bulletins |h[electronic resource] = |bBulletins opérationnels de Sûreté maritime. |
| 246 | 11|aBulletins opérationnels de Sûreté maritime |
| 260 | |a[Ottawa] : |bTransport Canada = Transports Canada, |c[2005]- |
| 310 | |aIrregular |
| 362 | 1 |aBegan with 2005-001. |
| 546 | |aText in English and French in parallel columns, 2005-2015; text in English only, 2016- |
| 775 | 08|tBulletin opérationnel de sûreté maritime |w(CaOODSP)9.890287 |
| 792 | |tMarine Security operations bulletins |efre|w(CaOODSP)9.809548 |